000 00645nam a2200229Ia 4500
003 OSt
005 20220923230551.0
006 a|||||r|||| 00| 0
007 ta
008 Pun
024 _a283,290
037 _cTextual
040 _aARTS
_cARTS
_bPun
041 _2Pun
_aPun
082 _aO168,3NRA6,DO, 153M2;M5
100 _aਰੰਧਾਵਾ, ਅਖ਼ਗ਼ਲ ਅਹਿਸਨ
245 0 _aਦੁਆਬਾ
260 _c1985
650 _aਪੰਜਾਬੀ ਸਾਹਿਤ
942 _hO168,3NRA6,DO, 153M2;M5
_cTEXL
_2CC
999 _c385778
_d385778